Follow-up: Benchmarks for an evolving profession (notice n° 1741507)
[ vue normale ]
| 000 -LEADER | |
|---|---|
| fixed length control field | 01388cam a2200157 4500500 |
| 005 - DATE AND TIME OF LATEST TRANSACTION | |
| control field | 20260322004602.0 |
| 041 ## - LANGUAGE CODE | |
| Language code of text/sound track or separate title | fre |
| 042 ## - AUTHENTICATION CODE | |
| Authentication code | dc |
| 100 10 - MAIN ENTRY--PERSONAL NAME | |
| Personal name | Cormont, Olivier |
| Relator term | author |
| 245 00 - TITLE STATEMENT | |
| Title | Follow-up: Benchmarks for an evolving profession |
| 260 ## - PUBLICATION, DISTRIBUTION, ETC. | |
| Date of publication, distribution, etc. | 2026.<br/> |
| 500 ## - GENERAL NOTE | |
| General note | 74 |
| 520 ## - SUMMARY, ETC. | |
| Summary, etc. | Far from being mere relics of the past, archives harbor a strategic potential that is often overlooked. They are marginalized due to institutional inertia, economic constraints, and a fixed perception that confines them to a passive role. Yet they possess an unexpected strength: They are the golden thread that weaves memory, providing a silent yet fundamental foundation. Like stars obscured by time, they shine without being fully recognized, waiting to illuminate those who wish to explore their depths. This neglect is not inevitable. Rethinking the role of archives means recognizing that they are not just about preserving the past, but also shaping the future. To enhance the value of archives, a paradigm shift is required: Their dynamism must be recognized, they must be fully integrated into documentary strategies, and they must be offered an active role at the heart of modern information systems. |
| 786 0# - DATA SOURCE ENTRY | |
| Note | Sociographe | 93 | 1 | 2026-02-27 | p. 147-152 | 1297-6628 |
| 856 41 - ELECTRONIC LOCATION AND ACCESS | |
| Uniform Resource Identifier | <a href="https://shs.cairn.info/journal-sociographe-2026-1-page-147?lang=en&redirect-ssocas=7080">https://shs.cairn.info/journal-sociographe-2026-1-page-147?lang=en&redirect-ssocas=7080</a> |
Pas d'exemplaire disponible.




Réseaux sociaux